| 000 | 00340nam a2200121Ia 4500 | ||
|---|---|---|---|
| 008 | 180309s9999 xx 000 0 und d | ||
| 020 | _a451152670 | ||
| 100 | _aLewis, Norman | ||
| 245 |
_aInstant word power : _b30 days to a more powerful vocabulary |
||
| 260 |
_aUSA : _b1981 _cSignet Book |
||
| 300 | _avi, 386 pages | ||
| 650 | _aVocabulary | ||
| 999 |
_c356103 _d356103 |
||